000 00320nam a2200121Ia 4500
008 180117s9999 xx 000 0 und d
100 _aby AA Patawaran
245 _aOn the trial of Jose Rizal's Demonio
260 _c2017
300 _a6-10 pages, 2017 June 11
440 _aPhilippine Panorama
650 _aJOSE RIZAL
999 _c353385
_d353385